ՀՀ Գիտությունների ազգային ակադեմիայի հիմնարար գիտական գրադարան  =   Fundamental Scientific Library of NAS RA

ارمنیان /‪ (Record no. 533799)

MARC details
000 -LEADER
fixed length control field 00866nam a2200253 a 4500
001 - CONTROL NUMBER
control field 2012139
003 - CONTROL NUMBER IDENTIFIER
control field AM-YeHGA
005 - DATE AND TIME OF LATEST TRANSACTION
control field 20250617165038.0
008 - FIXED-LENGTH DATA ELEMENTS--GENERAL INFORMATION
fixed length control field 250325n ir ab|||r|||||00||0|per|d
040 ## - CATALOGING SOURCE
Original cataloging agency AM-YeHGA
041 1# - LANGUAGE CODE
Language code of text/sound track or separate title per
Language code of original eng
090 ## - LOCALLY ASSIGNED LC-TYPE CALL NUMBER (OCLC); LOCAL CALL NUMBER (RLIN)
-- 573230
100 1# - MAIN ENTRY--PERSONAL NAME
Personal name دیوید مارشال ،لانگ‪
245 10 - TITLE STATEMENT
Title ارمنیان /‪
Statement of responsibility, etc. .دیوید مارشال لانگ، کریستوفر ج . واکر ؛ ترجمه ا. گرمانیک‪
250 ## - EDITION STATEMENT
Edition statement چاپ اول‪
260 ## - PUBLICATION, DISTRIBUTION, ETC.
Place of publication, distribution, etc. تهران :‪
Name of publisher, distributor, etc. چاپ ندا,‪
Date of publication, distribution, etc. S. a.
300 ## - PHYSICAL DESCRIPTION
Extent 36 p. ;
Other physical details photos, maps
440 ## - SERIES STATEMENT/ADDED ENTRY--TITLE
Title mrg
500 ## - GENERAL NOTE
General note گزارشی موثق و جامع " گاردین "‪
650 14 - SUBJECT ADDED ENTRY--TOPICAL TERM
Topical term or geographic name entry element Armenian history
700 1# - ADDED ENTRY--PERSONAL NAME
Personal name کریستوفر ج . واکر ‪
Relationship aut
700 0# - ADDED ENTRY--PERSONAL NAME
Personal name ادیک،گرمانیک‪
Fuller form of name (ادیک باغداساریان)‪
Relationship aui
942 ## - ADDED ENTRY ELEMENTS (KOHA)
Source of classification or shelving scheme Universal Decimal Classification
Koha item type Գրքեր / Books
Holdings
Withdrawn status Lost status Source of classification or shelving scheme Damaged status Not for loan Collection Home library Current library Date acquired Total checkouts Full call number Barcode Date last seen Price effective from Koha item type Public note
    Universal Decimal Classification     Edgaryan Individual Collection Fundamental Scientific Library Fundamental Scientific Library 25/03/2025   Էդգ/1273 FL0688885 25/03/2025 25/03/2025 Գրքեր / Books ILL Non-Circ.


ՀՀ ԳԱԱ հիմնարար գիտական գրադարան
ՀՀ,Երևան 0019
Մարշալ Բաղրամյան 24/6
հեռախոս:(374-10) 52-47-50
Հետադարձ կապ

All site content, except where otherwise noted, is licensed under a
Creative Commons License